01685nam a2200433 i 450000100060000000300080000600500170001400600190003100700150005000800410006502200140010603500230012003500240014303500250016703500220019204000310021405000220024508000170026708200140028410000250029824501310032326400410045430000420049533600310053733700330056833800430060158801240064459001640076865000140093265000150094665000470096165000300100865000420103865500270108070000460110779700190115385600620117299900170123467655FlNmELB20241217142828.0m o d | cr cnu||||||||150601s2007 ag o 000 0 spa d a1544-5208 a(MiAaPQ)EBC3175097 a(Au-PeEL)EBL3175097 a(CaPaEBR)ebr10189812 a(OCoLC)1105513033 aFINmELBbspaerdacFINmELB 4aHD58.9bS715 2007 a658.8:658.150 a658.42231 aSosa Flores, Miguel.10aTablero de comando :buna herramienta útil para la toma de decisiones /cMiguel Sosa Flores, Flor Angel Hernández Pérez. 1a[Santa Fe] :bEl Cid Editor,c[2007] a1 recurso en línea (3-31 páginas) atextobtxt2rdacontent/spa acomputadorabc2rdamedia/spa arecurso en líneabcr2rdacarrier/spa aDescripción basada en recurso en línea; Título de la página del título en PDF (e-libro, visto June 01, 2015). aRecurso electrónico. Santa Fe, Arg.: e-libro, 2015. Disponible vía World Wide Web. El acceso puede estar limitado para las bibliotecas afiliadas a e-libro. 4aEmpresas. 4aGestión. 0aOrganizational effectivenessxMeasurement. 0aPerformancexMeasurement. 0aIndustrial productivityxMeasurement. 4aLibros electrónicos.1 aHernández Pérez, Flor Angel,eeditor.2 ae-libro, Corp.40uhttps://elibro.net/ereader/politecnicointernacional/98062 c67655d67655